[Event "SR 3. liga A2 2010/2011"]
[Site "?"]
[Date "2011.01.16"]
[Round "6.6"]
[White "Feranec, Milan"]
[Black "Jablonicky, Martin"]
[Result "0-1"]
[WhiteElo "1765"]
[BlackElo "1884"]
[PlyCount "88"]
[EventDate "2010.??.??"]
[WhiteTeam "Slovakia"]
[BlackTeam "II"]
[WhiteTeamCountry "SVK"]
[BlackTeamCountry "SVK"]

1. c4 Nf6 2. Nc3 c6 3. b3 d5 4. Nf3 Bf5 5. Ba3 Nbd7 6. Nh4 Bg6 7. g3 e6 8. Bxf8
Nxf8 9. Bg2 h6 10. O-O Bh7 11. d3 Ng6 12. Nf3 O-O 13. Re1 Re8 14. a4 Ne7 15. b4
Qb6 16. b5 Rad8 17. Qb3 Ng4 18. Nd1 Nf6 19. Rc1 Rc8 20. c5 Qc7 21. Qc3 Nd7 22.
d4 cxb5 23. axb5 f6 24. e3 e5 25. Nb2 e4 26. Nd2 f5 27. f4 Nf6 28. h3 Kh8 29.
Qb3 Qb8 30. Qa4 Rg8 31. Kh1 g5 32. Nf1 Rg7 33. Qd1 Rcg8 34. c6 bxc6 35. bxc6
Qd6 36. Qc2 gxf4 37. exf4 Nh5 38. Re2 Nxg3+ 39. Nxg3 Rxg3 40. Rf1 Nxc6 41. Qd2
Qa3 42. Nc4 Rxh3+ 43. Kg1 Qg3 44. Rff2 Qh2+ 0-1

[Event "SR 3. liga A2 2010/2011"]
[Site "?"]
[Date "2011.01.16"]
[Round "6.6"]
[White "Klanica, Anton"]
[Black "Nemsak, Denis"]
[Result "1-0"]
[WhiteElo "1851"]
[BlackElo "1791"]
[PlyCount "173"]
[EventDate "2010.??.??"]
[WhiteTeam "Slovakia"]
[BlackTeam "II"]
[WhiteTeamCountry "SVK"]
[BlackTeamCountry "SVK"]

1. e4 d5 2. exd5 Nf6 3. Bb5+ Bd7 4. Bxd7+ Qxd7 5. Ne2 Nxd5 6. b3 Nc6 7. Bb2
O-O-O 8. d3 e5 9. Nbc3 f5 10. O-O g5 11. Nxd5 Qxd5 12. Ng3 Qe6 13. Qe2 f4 14.
Ne4 g4 15. f3 h5 16. Rad1 Rg8 17. Kh1 Qe7 18. Rd2 Qh4 19. a3 Bg7 20. Qe1 Qe7
21. Re2 Rge8 22. Qc1 Qe6 23. a4 h4 24. Qe1 Rh8 25. fxg4 Qxg4 26. Nf2 Qf5 27.
Nh3 Bf6 28. Qf2 Rhg8 29. Rfe1 Rd7 30. Qf3 Rdg7 31. Ng1 a6 32. Qh3 Qxh3 33. Nxh3
Kd7 34. Rf2 Rg6 35. Bc3 Kd6 36. Ree2 Ne7 37. Bd2 Nd5 38. c4 Ne7 39. d4 exd4 40.
Bxf4+ Kd7 41. Bd2 Bg7 42. Nf4 Rf6 43. Nd3 Rxf2 44. Rxf2 b6 45. Kg1 Rf8 46. Rxf8
Bxf8 47. Bg5 Nf5 48. Ne5+ Ke6 49. Ng6 Bd6 50. Nxh4 Nxh4 51. Bxh4 Kf5 52. Kf2
Ke4 53. Ke2 Bxh2 54. Bg5 Bg3 55. Bh6 Bf4 56. Bg7 d3+ 57. Kd1 Ke3 58. Bf6 Kf2
59. g4 c6 60. g5 b5 61. axb5 axb5 62. cxb5 cxb5 63. g6 Bh6 64. Bd4+ Kf3 65. g7
Bxg7 66. Bxg7 Ke3 67. b4 d2 68. Bh6+ Kd3 69. Bxd2 Kc4 70. Kc2 Kd4 71. Kb3 Kd3
72. Bh6 Kd4 73. Bf8 Kd3 74. Bc5 Kd2 75. Kb2 Kd3 76. Kc1 Kc3 77. Kd1 Kd3 78. Ke1
Kc4 79. Kd2 Kd5 80. Kd3 Kc6 81. Kd4 Kd7 82. Kd5 Kc7 83. Ke6 Kc6 84. Bd4 Kc7 85.
Kd5 Kb7 86. Kc5 Ka6 87. Bf6 1-0

[Event "SR 3. liga A2 2010/2011"]
[Site "?"]
[Date "2011.01.16"]
[Round "6.6"]
[White "Sarmir, Milos"]
[Black "Feher, Tibor"]
[Result "1/2-1/2"]
[WhiteElo "2062"]
[BlackElo "1805"]
[PlyCount "66"]
[EventDate "2010.??.??"]
[WhiteTeam "Slovakia"]
[BlackTeam "II"]
[WhiteTeamCountry "SVK"]
[BlackTeamCountry "SVK"]

1. e4 c5 2. Nf3 d6 3. d4 cxd4 4. Nxd4 Nf6 5. Nc3 a6 6. Be2 e6 7. O-O Be7 8. Be3
O-O 9. f4 b5 10. a3 Bb7 11. Bf3 Nbd7 12. Nb3 Rc8 13. Qd3 Nc5 14. Nxc5 dxc5 15.
e5 Qxd3 16. cxd3 Nd5 17. Nxd5 Bxd5 18. Bxd5 exd5 19. f5 Rc6 20. Rac1 Rfc8 21.
g4 c4 22. dxc4 dxc4 23. Bd4 Bc5 24. Rcd1 Bxd4+ 25. Rxd4 Rc5 26. Rfd1 Rxe5 27.
Rd6 Kf8 28. Rxa6 Re2 29. Ra7 Rce8 30. Rdd7 R2e7 31. Kf2 Rxd7 32. Rxd7 Rc8 33.
Rb7 c3 $11 1/2-1/2

[Event "SR 3. liga A2 2010/2011"]
[Site "?"]
[Date "2011.01.16"]
[Round "6.6"]
[White "Vach, Jozef"]
[Black "Lanik, Miroslav"]
[Result "1/2-1/2"]
[WhiteElo "1900"]
[BlackElo "1871"]
[PlyCount "56"]
[EventDate "2010.??.??"]
[WhiteTeam "Slovakia"]
[BlackTeam "II"]
[WhiteTeamCountry "SVK"]
[BlackTeamCountry "SVK"]

1. e4 c5 2. Nf3 d6 3. d4 cxd4 4. Nxd4 Nf6 5. Nc3 a6 6. Be2 e6 7. Be3 Be7 8. Qd2
Qc7 9. O-O O-O 10. f4 Nc6 11. Bf3 Bd7 12. Rad1 Rac8 13. a3 Na5 14. Qf2 Nc4 15.
Bc1 e5 16. fxe5 dxe5 17. Nb3 Nxa3 18. Qg3 Kh8 19. Rf2 Be6 20. Be3 Nc4 21. Bc1
Rfd8 22. Re1 b5 23. Kh1 Na5 24. Nxa5 Qxa5 25. Qxe5 Bd6 26. Qg5 h6 27. Qh4 $11
Bc5 28. Rff1 Bd4 $11 1/2-1/2

[Event "SR 3. liga A2 2010/2011"]
[Site "?"]
[Date "2011.01.16"]
[Round "6.7"]
[White "Csefalvay, Stefan"]
[Black "Sandor, Stefan"]
[Result "1-0"]
[WhiteElo "1928"]
[BlackElo "1682"]
[PlyCount "103"]
[EventDate "2010.??.??"]
[WhiteTeam "Slovakia"]
[BlackTeam "II"]
[WhiteTeamCountry "SVK"]
[BlackTeamCountry "SVK"]

1. d4 Nf6 2. Nf3 e6 3. g3 d5 4. Bg2 Be7 5. c4 b6 6. Nc3 O-O 7. O-O Nc6 8. cxd5
exd5 9. a3 h6 10. b4 Bd6 11. Nb5 Be7 12. Bf4 Ne8 13. Rc1 Bb7 14. Qc2 a6 15. Nc3
Na7 16. Na4 Nb5 17. Qd3 Bd6 18. Bxd6 Nexd6 19. Ne5 Ne8 20. Nb2 Na7 21. a4 Qd6
22. Qc3 f5 23. Nbc4 Qe6 24. f4 Rb8 25. Ne3 Rf6 26. Qb3 Rd8 27. b5 a5 28. Rc3
Qd6 29. Rfc1 Qb4 30. Qc2 Qxd4 31. Rd1 Qb4 32. Nxd5 Bxd5 33. Bxd5+ Kh8 34. Rcd3
Qf8 35. Qc4 Kh7 36. Nf7 Nd6 37. Nxd6 Rdxd6 38. Qxc7 Nc8 39. e4 Qd8 40. Qxd8
Rxd8 41. e5 Rff8 42. Bc6 Rxd3 43. Rxd3 Ne7 44. Bd7 Rd8 45. e6 Kg6 46. Rd6 Nc8
47. Rc6 Kf6 48. Rxc8 Rxc8 49. Bxc8 g5 50. Kf2 Ke7 51. Ke3 Kd6 52. Kd4 1-0

[Event "SR 3. liga A2 2010/2011"]
[Site "?"]
[Date "2011.01.16"]
[Round "6.7"]
[White "Kavon, Rastislav"]
[Black "Bajcar, Pavol"]
[Result "0-1"]
[WhiteElo "1699"]
[BlackElo "1523"]
[PlyCount "92"]
[EventDate "2010.??.??"]
[WhiteTeam "Slovakia"]
[BlackTeam "II"]
[WhiteTeamCountry "SVK"]
[BlackTeamCountry "SVK"]

1. e4 e6 2. d4 d5 3. e5 c5 4. c3 Nc6 5. Nf3 Qb6 6. Bd3 cxd4 7. cxd4 Bd7 8. Bc2
Bb4+ 9. Nc3 Nge7 10. a3 Bxc3+ 11. bxc3 a6 12. O-O Rc8 13. Bd2 Na5 14. Rb1 Qc7
15. Bd3 b5 16. h4 Nc4 17. Bxc4 dxc4 18. Ng5 Bc6 19. f3 h6 20. Ne4 Rd8 21. Nd6+
Rxd6 22. exd6 Qxd6 23. Qe1 Kd7 24. g3 Bb7 25. Bf4 Qxa3 26. Ra1 Qb3 27. Qe5 Rc8
28. Qxg7 Qxc3 29. Be5 Qe3+ 30. Rf2 Rg8 31. Qxf7 c3 32. Qf4 Qxf4 33. Bxf4 b4 34.
Ra4 Nc6 35. g4 a5 36. Bxh6 Nxd4 37. Rxa5 Nxf3+ 38. Rxf3 Bxf3 39. Bg5 Rxg5 40.
hxg5 c2 41. Rc5 b3 42. Kf2 b2 43. Rxc2 b1=Q 44. Rd2+ Bd5 45. Ke3 Qe4+ 46. Kf2
Qxg4 0-1

[Event "SR 3. liga A2 2010/2011"]
[Site "?"]
[Date "2011.01.16"]
[Round "6.7"]
[White "Koloditsova, Renata"]
[Black "Vlkovic, Pavol"]
[Result "0-1"]
[WhiteElo "1759"]
[BlackElo "1840"]
[PlyCount "100"]
[EventDate "2010.??.??"]
[WhiteTeam "Slovakia"]
[BlackTeam "II"]
[WhiteTeamCountry "SVK"]
[BlackTeamCountry "SVK"]

1. d4 Nf6 2. Nf3 g6 3. Bg5 Bg7 4. Nbd2 O-O 5. e3 d6 6. c3 Nbd7 7. Be2 c6 8. a4
a5 9. Qc2 Qc7 10. O-O e5 11. dxe5 dxe5 12. Rfd1 Nc5 13. Nc4 Bf5 14. Qd2 Nb3 15.
Qd6 Qxd6 16. Nxd6 Nxa1 17. Rxa1 Ne4 18. Be7 Nxd6 19. Bxd6 Rfe8 20. Bc7 f6 21.
Nd2 Re7 22. Bb6 Be6 23. Ne4 Rd7 24. Kf1 Kf7 25. Ke1 Bf8 26. h3 Be7 27. Rc1 Bd8
28. Bc5 Bc7 29. Ba3 b6 30. c4 Rad8 31. c5 Bd5 32. cxb6 Bxb6 33. Bf3 h6 34. Rd1
f5 35. Nc5 Bxc5 36. Bxc5 Bxf3 37. Rxd7+ Rxd7 38. gxf3 e4 39. fxe4 fxe4 40. Bd4
Ke6 41. Bc3 Rd5 42. Kf1 Rf5 43. b4 axb4 44. Bxb4 Kd7 45. Kg2 c5 46. Bc3 Kc6 47.
h4 h5 48. Kg3 Rf8 49. a5 Kb5 50. Be5 c4 0-1

[Event "SR 3. liga A2 2010/2011"]
[Site "?"]
[Date "2011.01.16"]
[Round "6.7"]
[White "Palka, Martin"]
[Black "Vogl, Zdenek"]
[Result "0-1"]
[WhiteElo "1855"]
[BlackElo "1863"]
[PlyCount "56"]
[EventDate "2010.??.??"]
[WhiteTeam "Slovakia"]
[BlackTeam "II"]
[WhiteTeamCountry "SVK"]
[BlackTeamCountry "SVK"]

1. e4 e5 2. Nf3 Nc6 3. Bb5 a6 4. Ba4 b5 5. Bb3 Nf6 6. O-O Be7 7. Re1 O-O 8. a4
Bb7 9. c3 d6 10. d4 exd4 11. cxd4 Na5 12. Bc2 c5 13. d5 b4 14. b3 c4 15. bxc4
Nxc4 16. Bd3 Ne5 17. Nxe5 dxe5 18. a5 Bc5 19. Bb2 Re8 20. Nd2 Bc8 21. Nc4 Ng4
22. Ne3 Bxe3 23. fxe3 Qh4 24. h3 Qf2+ 25. Kh1 Qxb2 26. hxg4 Qf2 27. Be2 Qxe3
28. Bxa6 Qh6+ 0-1

[Event "SR 3. liga A2 2010/2011"]
[Site "?"]
[Date "2011.01.16"]
[Round "6.7"]
[White "Papanek, Lubomir"]
[Black "Husek, Lubomir"]
[Result "0-1"]
[WhiteElo "1633"]
[BlackElo "1786"]
[PlyCount "74"]
[EventDate "2010.??.??"]
[WhiteTeam "Slovakia"]
[BlackTeam "II"]
[WhiteTeamCountry "SVK"]
[BlackTeamCountry "SVK"]

1. e4 e5 2. Nf3 Nc6 3. Bb5 a6 4. Bxc6 dxc6 5. O-O Bd6 6. d3 h6 7. h3 Nf6 8. Be3
O-O 9. Nbd2 b5 10. Nh2 Be6 11. c3 c5 12. d4 cxd4 13. cxd4 exd4 14. Bxd4 Bxh2+
15. Kxh2 Qxd4 16. Qc2 Rac8 17. f3 c5 18. Rfd1 Qe5+ 19. g3 Qh5 20. g4 Qe5+ 21.
Kg2 c4 22. Nf1 Rfd8 23. Ne3 Rxd1 24. Rxd1 Qc7 25. Qc3 Rd8 26. e5 Rxd1 27. Nxd1
Nd5 28. Qe1 Nf4+ 29. Kg3 Nd3 30. Qe4 Qxe5+ 31. Qxe5 Nxe5 32. Kf4 Nd3+ 33. Ke3
f5 34. Kd4 fxg4 35. hxg4 Kf7 36. b3 Nc1 37. bxc4 Bxc4 0-1

[Event "SR 3. liga A2 2010/2011"]
[Site "?"]
[Date "2011.01.16"]
[Round "6.7"]
[White "Slaby, Jozef"]
[Black "Kolenak, Matus"]
[Result "1-0"]
[WhiteElo "1865"]
[BlackElo "1722"]
[PlyCount "131"]
[EventDate "2010.??.??"]
[WhiteTeam "Slovakia"]
[BlackTeam "II"]
[WhiteTeamCountry "SVK"]
[BlackTeamCountry "SVK"]

1. d4 Nf6 2. c4 e6 3. Nf3 b6 4. e3 Bb7 5. Bd3 Be7 6. Nbd2 d5 7. Qe2 O-O 8. O-O
c5 9. dxc5 bxc5 10. b3 Nc6 11. Bb2 Re8 12. Rac1 Rc8 13. Rfd1 d4 14. exd4 cxd4
15. a3 a5 16. Ne4 e5 17. c5 Nd5 18. Bb5 Bf8 19. Re1 Kh8 20. Nfg5 Qd7 21. Qh5 h6
22. Nxf7+ Kg8 23. Nfd6 Nf4 24. Qf3 Kh8 25. Nxe8 Rxe8 26. Nd6 Bxd6 27. cxd6 Rc8
28. Qg3 Qxd6 29. Qg4 Ne7 30. Rxc8+ Bxc8 31. Qf3 Bf5 32. Bf1 e4 33. Qg3 Neg6 $11
34. Rd1 d3 35. Qe3 Ne6 36. Qxh6+ Kg8 37. Qe3 Nc5 38. b4 axb4 39. axb4 Na4 40.
Qd4 Qxd4 41. Bxd4 Bg4 42. f3 exf3 43. Rxd3 fxg2 44. Bxg2 Nf4 45. Rd2 Ne2+ 46.
Kf2 Nxd4 47. Rxd4 Bf5 48. Be4 Bh3 49. Bg6 Kf8 50. b5 Nb6 51. Rd8+ Ke7 52. Rb8
Nd7 53. Rb7 Be6 54. Ke3 Kd8 55. Kd4 Kc8 56. Be4 g5 57. Bc6 g4 58. Bxd7+ Bxd7
59. Rb6 Kc7 60. Kc5 Be8 61. Rh6 Kb7 62. Rh7+ Kc8 63. b6 Ba4 64. b7+ Kb8 65. Kb6
Be8 66. Rh8 1-0

[Event "SR 3. liga A2 2010/2011"]
[Site "?"]
[Date "2011.01.16"]
[Round "6.8"]
[White "Bjel, Lubos"]
[Black "Rau, Vladimir"]
[Result "1/2-1/2"]
[WhiteElo "1665"]
[BlackElo "1637"]
[PlyCount "52"]
[EventDate "2010.??.??"]
[WhiteTeam "Slovakia"]
[BlackTeam "II"]
[WhiteTeamCountry "SVK"]
[BlackTeamCountry "SVK"]

1. e4 c6 2. d4 d5 3. exd5 cxd5 4. Nc3 Nf6 5. Bg5 e6 6. Nf3 Be7 7. Bxf6 Bxf6 8.
Ne5 O-O 9. f4 Bd7 10. Qh5 Nc6 11. O-O-O g6 12. Qf3 Qe7 13. Bb5 Nxe5 14. dxe5
Bg7 15. g4 a6 16. Bxd7 Qxd7 17. g5 h5 18. gxh6 Bxh6 19. h4 f6 20. Rhg1 Qh7 21.
Qg4 Rae8 22. Kb1 f5 23. Qg3 Kf7 24. h5 gxh5 25. Qh4 Bg7 26. Rg5 Rh8 1/2-1/2

[Event "SR 3. liga A2 2010/2011"]
[Site "?"]
[Date "2011.01.16"]
[Round "6.8"]
[White "Hornak, Pavol"]
[Black "Tomovicsova, Evelina"]
[Result "0-1"]
[WhiteElo "1773"]
[BlackElo "1677"]
[PlyCount "66"]
[EventDate "2010.??.??"]
[WhiteTeam "Slovakia"]
[BlackTeam "II"]
[WhiteTeamCountry "SVK"]
[BlackTeamCountry "SVK"]

1. d4 d5 2. c4 e6 3. Nf3 Nf6 4. g3 Be7 5. Bg2 O-O 6. O-O b6 7. cxd5 Nxd5 8. Nc3
Bb7 9. Nxd5 Bxd5 10. Qc2 c5 11. dxc5 Bxc5 12. e4 Bc6 13. Rd1 Qe7 14. a3 a5 15.
b3 e5 16. Bb2 f6 17. Ne1 Rc8 18. Nd3 Nd7 19. b4 Bd6 20. Qb3+ Kf8 21. b5 a4 22.
Qc2 Bxb5 23. Qd2 Nc5 24. Nxc5 Bxc5 25. Bc3 Bc4 26. Bb4 Bxb4 27. Qxb4 Qxb4 28.
axb4 b5 29. Bf1 Bxf1 30. Kxf1 Rc4 31. Rd7 Rxb4 32. Rad1 a3 33. Ra7 Rxa7 0-1

[Event "SR 3. liga A2 2010/2011"]
[Site "?"]
[Date "2011.01.16"]
[Round "6.8"]
[White "Hrubos, Milan"]
[Black "Mraz, Jan"]
[Result "1-0"]
[WhiteElo "1802"]
[BlackElo "1000"]
[PlyCount "77"]
[EventDate "2010.??.??"]
[WhiteTeam "Slovakia"]
[BlackTeam "II"]
[WhiteTeamCountry "SVK"]
[BlackTeamCountry "SVK"]

1. e4 e6 2. d4 d5 3. Nc3 Nc6 4. Nf3 Nge7 5. Be2 Ng6 6. Be3 Bb4 7. e5 Nce7 8.
O-O Bxc3 9. bxc3 O-O 10. c4 c6 11. cxd5 exd5 12. Ng5 Nf5 13. Qd2 f6 14. exf6
Qxf6 15. Nf3 Nxe3 16. fxe3 Qe7 17. Bd3 Bg4 18. Bxg6 hxg6 19. Ne5 Qe6 20. a4 Bf5
21. c3 Rae8 22. a5 Be4 23. Qb2 Re7 24. Rxf8+ Kxf8 25. Rf1+ Kg8 26. Rf4 g5 27.
Rg4 Qh6 28. Qf2 Qh5 29. h3 Re6 30. Qg3 g6 31. Rxg5 Qd1+ 32. Kh2 Kg7 33. h4 Qc2
34. h5 Rf6 35. Ng4 Rf3 36. h6+ Kg8 37. Rxg6+ Bxg6 38. Qxf3 Qxc3 39. Qf6 1-0

[Event "SR 3. liga A2 2010/2011"]
[Site "?"]
[Date "2011.01.16"]
[Round "6.8"]
[White "Kosar, Mikulas st"]
[Black "Ollos, Ladislav"]
[Result "0-1"]
[WhiteElo "1835"]
[BlackElo "1849"]
[PlyCount "60"]
[EventDate "2010.??.??"]
[WhiteTeam "Slovakia"]
[BlackTeam "II"]
[WhiteTeamCountry "SVK"]
[BlackTeamCountry "SVK"]

1. e4 e6 2. d4 d5 3. exd5 exd5 4. Nf3 Nf6 5. Bd3 Bd6 6. O-O O-O 7. Re1 Bg4 8.
Bg5 Nbd7 9. Nbd2 c6 10. c3 h6 11. Bh4 Qc7 12. Qc2 Rfe8 13. h3 Bxf3 14. Nxf3 g5
15. Bxg5 hxg5 16. Nxg5 Bf4 17. Bh7+ Kg7 18. Ne6+ Rxe6 19. Rxe6 Nxh7 20. Re7 Qd6
21. Rae1 Ng5 22. Qf5 Nf6 23. h4 Nge4 24. Rxb7 Rh8 25. Qh3 Bd2 26. Re2 Qf4 27.
g3 Qf3 28. Qe6 Ng5 29. Qe5 Rxh4 30. gxh4 Nh3+ 0-1

[Event "SR 3. liga A2 2010/2011"]
[Site "?"]
[Date "2011.01.16"]
[Round "6.8"]
[White "Planka, Peter"]
[Black "Havlicek, Peter"]
[Result "1-0"]
[WhiteElo "1798"]
[BlackElo "1688"]
[PlyCount "82"]
[EventDate "2010.??.??"]
[WhiteTeam "Slovakia"]
[BlackTeam "II"]
[WhiteTeamCountry "SVK"]
[BlackTeamCountry "SVK"]

1. e4 c5 2. Nf3 Nc6 3. d4 cxd4 4. Nxd4 a6 5. Be2 e6 6. O-O Nf6 7. Nc3 Be7 8.
Be3 O-O 9. f3 d5 10. exd5 Nxd5 11. Nxd5 Qxd5 12. Nxc6 Qxc6 13. Bd3 b5 14. Be4
Rd8 15. Qe2 Rd5 16. Rfd1 Bb7 17. Bxd5 exd5 18. c3 Re8 19. Qf2 Qg6 20. Bc5 Bd8
21. Re1 Re6 22. Rxe6 fxe6 23. Qg3 Qxg3 24. hxg3 e5 25. a4 Bc6 26. axb5 Bxb5 27.
Bd6 Bf6 28. Re1 e4 29. fxe4 dxe4 30. Rxe4 Bd3 31. Rf4 h6 32. Kf2 Kh7 33. Bc5
Be5 34. Rf7 Kg6 35. Rd7 Bc4 36. Bd4 Be6 37. Ra7 Bxd4+ 38. cxd4 Bc4 39. d5 Bxd5
40. Rxa6+ Kf7 41. b4 Bc4 1-0

[Event "SR 3. liga A2 2010/2011"]
[Site "?"]
[Date "2011.01.16"]
[Round "6.8"]
[White "Puskar, Peter"]
[Black "Curidlo, Jan"]
[Result "1-0"]
[WhiteElo "1706"]
[BlackElo "1827"]
[PlyCount "105"]
[EventDate "2010.??.??"]
[WhiteTeam "Slovakia"]
[BlackTeam "II"]
[WhiteTeamCountry "SVK"]
[BlackTeamCountry "SVK"]

1. d4 Nf6 2. c4 e6 3. Nf3 d5 4. e3 c6 5. Nc3 Be7 6. Bd3 O-O 7. O-O Nbd7 8. a3
a5 9. b3 b6 10. Bb2 Bd6 11. cxd5 exd5 12. Ne2 Ba6 13. Nf4 Bxf4 14. exf4 Bxd3
15. Qxd3 Qc7 16. Ne5 Rac8 17. Rac1 Nb8 18. a4 Qd6 19. Rc2 Nfd7 20. Qg3 f6 21.
Ng4 Kh8 22. Ne3 f5 23. Ra1 Qe6 24. Re2 Qf7 25. Rae1 g6 26. Nc4 dxc4 27. d5+ Kg8
28. Re7 Rce8 29. Qc3 Qf6 30. Rxe8 Qxc3 31. Bxc3 cxd5 32. bxc4 dxc4 33. R8e7 Nf6
34. Bxf6 Rxf6 35. Rc7 Na6 36. Rxc4 Nc5 37. g3 Rd6 38. Re7 h5 39. Ra7 Rc6 40.
Rd4 Rc8 41. Rd6 Nxa4 42. Rxg6+ Kf8 43. Rh6 Kg8 44. Rxh5 Nc5 45. Rxf5 Ne4 46.
Re5 Nd2 47. Kg2 Nc4 48. Rg5+ Kh8 49. h4 Nd6 50. h5 Ne4 51. Re5 Nf6 52. Ra6 Rc6
53. Rexa5 1-0

[Event "SR 3. liga A2 2010/2011"]
[Site "?"]
[Date "2011.01.30"]
[Round "7.1"]
[White "Blatnicky, Miroslav"]
[Black "Abel, Peter"]
[Result "0-1"]
[WhiteElo "2119"]
[BlackElo "2172"]
[PlyCount "182"]
[EventDate "2010.??.??"]
[WhiteTeam "Slovakia"]
[BlackTeam "II"]
[WhiteTeamCountry "SVK"]
[BlackTeamCountry "SVK"]

1. e4 Nf6 2. e5 Nd5 3. d4 d6 4. c4 Nb6 5. exd6 cxd6 6. Nc3 g6 7. Be3 Bg7 8. Bd3
O-O 9. Nge2 Nc6 10. a3 Bg4 11. f3 Bf5 12. b4 d5 13. c5 Bxd3 14. Qxd3 Nc4 15. f4
Nxe3 16. Qxe3 e6 17. O-O a6 18. Rab1 Qf6 19. Rfd1 h5 20. Na4 Rac8 21. Nb6 Rc7
22. a4 Rd8 23. b5 axb5 24. axb5 Ne7 25. Qe5 Qxe5 26. fxe5 f6 27. exf6 Bxf6 28.
Ra1 Nf5 29. Ra8 Rxa8 30. Nxa8 Rc8 31. Nb6 Rc7 32. Rd3 Kf7 33. Kf2 Ne7 34. Rf3
Nf5 35. Ke1 Kg7 36. Rd3 Bg5 37. Ng1 Bf6 38. Ne2 Bg5 39. g3 h4 40. gxh4 Nxh4 41.
Ra3 Rf7 42. Ra7 Ng2+ 43. Kd1 Ne3+ 44. Kd2 Nc4+ 45. Kd3 Nxb6 46. cxb6 Bd8 47.
Ra8 Bxb6 48. Re8 Rf3+ 49. Kc2 Re3 50. Re7+ Kf6 51. Rxb7 Rxe2+ 52. Kd3 Rxh2 53.
Rxb6 Rh3+ 54. Kd2 Rh8 55. Rb7 g5 56. b6 g4 57. Ke3 Rh3+ 58. Ke2 Rb3 59. Rb8 Kf5
60. b7 Ke4 61. Rg8 Rb2+ 62. Kd1 Rxb7 63. Rxg4+ Kd3 64. Kc1 Rc7+ 65. Kd1 Rh7 66.
Ke1 Rh3 67. Kf2 Re3 68. Rg1 Kxd4 69. Ra1 Rc3 70. Ra4+ Rc4 71. Ra2 e5 72. Ke2
Ke4 73. Kd2 Rc8 74. Ra3 d4 75. Rh3 Rf8 76. Rh4+ Kd5 77. Rh5 Rf2+ 78. Kd3 Rf3+
79. Kd2 Re3 80. Rh8 Rg3 81. Rh5 Ke4 82. Rh4+ Kf5 83. Rh5+ Kf4 84. Rh4+ Rg4 85.
Rh2 e4 86. Rf2+ Ke5 87. Rh2 Kd5 88. Ke1 Rg1+ 89. Kd2 Kc4 90. Kc2 e3 91. Kb2 Rf1
0-1

[Event "SR 3. liga A2 2010/2011"]
[Site "?"]
[Date "2011.01.30"]
[Round "7.1"]
[White "Halas, Miroslav"]
[Black "Jablonicky, Frantisek"]
[Result "1/2-1/2"]
[WhiteElo "1935"]
[BlackElo "2150"]
[PlyCount "50"]
[EventDate "2010.??.??"]
[WhiteTeam "Slovakia"]
[BlackTeam "II"]
[WhiteTeamCountry "SVK"]
[BlackTeamCountry "SVK"]

1. e4 c6 2. d4 d5 3. exd5 cxd5 4. c4 Nf6 5. Nc3 g6 6. c5 Bg7 7. Bb5+ Nc6 8. h3
O-O 9. Nf3 Ne4 10. O-O a6 11. Ba4 e6 12. Bf4 Bd7 13. Re1 Nxc3 14. bxc3 b6 15.
Bxc6 Bxc6 16. Bd6 Re8 17. Ne5 Rc8 18. Rb1 bxc5 19. Bxc5 f6 20. Nxc6 Rxc6 21.
Rb7 Qc8 22. Qb1 Bf8 23. Bxf8 Rxf8 24. Qb4 Re8 25. Re7 Rxe7 $11 1/2-1/2

[Event "SR 3. liga A2 2010/2011"]
[Site "?"]
[Date "2011.01.30"]
[Round "7.1"]
[White "Horak, Ivan"]
[Black "Sebesta, Radovan"]
[Result "1/2-1/2"]
[WhiteElo "2080"]
[BlackElo "2076"]
[PlyCount "56"]
[EventDate "2010.??.??"]
[WhiteTeam "Slovakia"]
[BlackTeam "II"]
[WhiteTeamCountry "SVK"]
[BlackTeamCountry "SVK"]

1. e4 c5 2. Nc3 Nc6 3. f4 g6 4. Nf3 Bg7 5. Bb5 Nd4 6. O-O Nxb5 7. Nxb5 a6 8.
Nc3 d6 9. d3 Nf6 10. Qe1 O-O 11. Bd2 e6 12. Qh4 Nh5 13. Qf2 f5 14. e5 b6 15.
Rae1 Bb7 16. Ng5 Re8 17. Re2 dxe5 18. fxe5 Qd4 19. Qxd4 cxd4 20. Na4 Rac8 21.
Nxb6 Rxc2 22. g4 fxg4 23. Nc4 Bd5 24. Rc1 Rxc1+ 25. Bxc1 Rf8 26. Rf2 Rxf2 27.
Kxf2 Bh6 28. b3 Ng7 1/2-1/2

[Event "SR 3. liga A2 2010/2011"]
[Site "?"]
[Date "2011.01.30"]
[Round "7.1"]
[White "Hudacek, Josef"]
[Black "Pribila, Gerhard"]
[Result "1/2-1/2"]
[WhiteElo "2047"]
[BlackElo "2032"]
[PlyCount "82"]
[EventDate "2010.??.??"]
[WhiteTeam "Slovakia"]
[BlackTeam "II"]
[WhiteTeamCountry "SVK"]
[BlackTeamCountry "SVK"]

1. e4 c5 2. Nc3 e6 3. g3 Nc6 4. Bg2 g6 5. Nge2 Bg7 6. O-O Nge7 7. f4 O-O 8. d3
a6 9. a4 d6 10. h3 Rb8 11. g4 f5 12. Ng3 Nd4 13. Nce2 Bd7 $11 14. c3 Nxe2+ 15.
Qxe2 Re8 16. Be3 Qc7 17. Qc2 Kh8 18. Bf3 b5 $11 19. axb5 axb5 20. Kg2 b4 21.
Rab1 bxc3 22. bxc3 Rxb1 23. Rxb1 Rb8 24. Rxb8+ Qxb8 25. d4 cxd4 26. cxd4 Qb6
27. Qd2 Kg8 28. e5 d5 29. Qa2 Bb5 30. gxf5 gxf5 31. Nh5 Qa6 32. Qf2 Ng6 33.
Nxg7 Kxg7 34. h4 h6 35. Bh5 Be8 36. Qg3 Kh7 37. Bf3 Qd3 38. Qf2 Nf8 39. Bc1 Qc3
40. Bb2 Qb4 41. Qc2 Ng6 $11 1/2-1/2

[Event "SR 3. liga A2 2010/2011"]
[Site "?"]
[Date "2011.01.30"]
[Round "7.1"]
[White "Janko, Michal"]
[Black "Lesny, Stefan"]
[Result "1-0"]
[WhiteElo "2274"]
[BlackElo "2100"]
[PlyCount "151"]
[EventDate "2010.??.??"]
[WhiteTeam "Slovakia"]
[BlackTeam "II"]
[WhiteTeamCountry "SVK"]
[BlackTeamCountry "SVK"]

1. e4 e5 2. Nf3 Nc6 3. Bb5 a6 4. Ba4 Nf6 5. O-O d6 6. Re1 Bd7 7. c3 Be7 8. d4
O-O 9. d5 Nb8 10. Bxd7 Nbxd7 11. c4 h6 12. Nc3 Nh7 13. Qc2 Ng5 14. Bxg5 Bxg5
15. b4 Be7 16. Rab1 Qc8 17. Ne2 b6 18. Nd2 a5 19. a3 axb4 20. axb4 Qb7 21. Nc3
Ra6 22. Ra1 Rfa8 23. Qb2 Bd8 24. Nb5 Rxa1 25. Rxa1 Ra6 26. Nb1 Rxa1 27. Qxa1
Nb8 28. Qa7 Qxa7 29. Nxa7 Bg5 30. Kf1 Kf8 31. Ke2 Ke8 32. Nc6 Nd7 33. Nc3 Nf6
34. f3 Kd7 35. Kd3 Ne8 36. g3 Kc8 37. Ne2 g6 38. f4 Bf6 39. Ng1 g5 40. fxg5
Bxg5 41. h4 Bf6 42. Ke3 Ng7 43. Kf3 Kd7 44. Ne2 Be7 45. Nc3 Bf6 46. Nd1 h5 47.
Ne3 Ke8 48. Ng2 Kf8 49. Na7 Bd8 50. g4 Be7 51. Nb5 Bd8 52. Ne3 Bxh4 53. Nxc7
hxg4+ 54. Kxg4 Be1 55. Nc2 Bf2 56. Kf3 Bh4 57. Kg4 Bf2 58. Na8 Bg1 59. Kf3 f5
60. Kg2 Bd4 61. Nxd4 exd4 62. Kf3 d3 63. exf5 Nxf5 64. Nxb6 Ke7 65. b5 Kd8 66.
Na4 Kc7 67. Nb2 d2 68. Ke4 Ne7 69. Kd3 Kb6 70. Kxd2 Nc8 71. Kc3 Ka5 72. Nd3 Ka4
73. Nf2 Nb6 74. Ne4 Nxd5+ 75. cxd5 Kxb5 76. Kd4 1-0

[Event "SR 3. liga A2 2010/2011"]
[Site "?"]
[Date "2011.01.30"]
[Round "7.1"]
[White "Kovacocy, Pavel"]
[Black "Veselsky, Jozef"]
[Result "1-0"]
[WhiteElo "2239"]
[BlackElo "2118"]
[PlyCount "89"]
[EventDate "2010.??.??"]
[WhiteTeam "Slovakia"]
[BlackTeam "II"]
[WhiteTeamCountry "SVK"]
[BlackTeamCountry "SVK"]

1. e4 c5 2. d3 Nc6 3. g3 g6 4. Bg2 Bg7 5. f4 d6 6. Nf3 Nf6 7. O-O O-O 8. Nc3
Rb8 9. h3 Nd4 10. Be3 Nxf3+ 11. Qxf3 b5 12. a3 a5 13. Rae1 b4 14. axb4 axb4 15.
Nd1 Bb7 16. g4 Nd7 17. b3 Ra8 18. Re2 Qc7 19. Qg3 Ra2 20. Qh4 Nb8 21. f5 Nc6
22. g5 Nd4 23. Ref2 gxf5 24. exf5 Bxg2 25. Kxg2 Qb7+ 26. Kg1 Rxc2 27. Rxc2 Nf3+
28. Rxf3 Qxf3 29. Qg4 Qxg4+ 30. hxg4 Ra8 31. Kf2 Be5 32. Bc1 Ra1 33. Ke2 Rb1
34. Bb2 f6 35. gxf6 exf6 36. Bxe5 fxe5 37. Rb2 Ra1 38. Ne3 Kf7 39. Kf3 Rh1 40.
Nc4 Ke7 41. Ra2 Rh3+ 42. Ke4 Rh4 43. Ra7+ Kf6 44. Ne3 Kg5 45. Rg7+ 1-0